000 00296nam a22001217a 4500
008 170405b xxu||||| |||| 00| 0 eng d
041 _aeng
080 _a574
100 _a9
101 _aSHM
245 _aENVIRONMENTAL REMOTE SENSING APPLICATIONS AND ACHIEVEMENTS
_cBARRET, E.C
942 _2udc
_cBK
999 _c9769
_d9769